[Event "Olympiad Women-43"]
[Site "Batumi"]
[Date "2018.10.01"]
[Round "7.30"]
[White "Puuska, Heini"]
[Black "Bakri, Alia Anin Azwa"]
[Result "0-1"]
[WhiteElo "1961"]
[BlackElo "2005"]
[PlyCount "116"]
[EventDate "2018.09.24"]
[EventType "team-swiss"]
[EventRounds "11"]
[EventCountry "GEO"]
[SourceTitle "EXT 2020"]
[Source "ChessBase"]
[SourceDate "2019.10.17"]
[SourceVersion "1"]
[SourceVersionDate "2019.10.17"]
[SourceQuality "1"]
[WhiteTeam "Finland (W)"]
[BlackTeam "Malaysia (W)"]
[WhiteTeamCountry "FIN"]
[BlackTeamCountry "MAS"]

1. d4 d5 2. e3 Nf6 3. Bd3 c5 4. c3 Nc6 5. Nd2 e6 6. Ngf3 Bd6 7. dxc5 Bxc5 8. b4 Bd6 9. Bb2 a6 10. 0-0 Bd7 11. a3 Rc8 12. c4 0-0 13. cxd5 exd5 14. e4 Bg4 15. exd5 Nxd5 16. Qb1 h6 17. h3 Be6 18. Ne4 Be7 19. Rd1 Qc7 20. Nc5 Bxc5 21. bxc5 Qe7 22. Rc1 Na5 23. Bd4 Nf6 24. Rc3 Nc6 25. Bf5 Bxf5 26. Qxf5 Qe4 27. Qxe4 Nxe4 28. Rb3 Nxd4 29. Nxd4 Nxc5 30. Rb6 Rc7 31. Rc1 Rfc8 32. Nf5 Na4 33. Rxc7 Rxc7 34. Rd6 Rc1+ 35. Kh2 Rc7 36. Rd8+ Kh7 37. Nd6 Kg6 38. Rb8 b5 39. Ra8 Rc6 40. Ne4 Nb2 41. Rb8 Nc4 42. a4 bxa4 43. Rb4 Nb6 44. Nc3 Rxc3 45. Rxb6+ Kf5 46. Rxa6 a3 47. Ra4 Ke5 48. f3 Kd5 49. Kg3 Kc5 50. Ra7 Kb4 51. Rxf7 a2 52. Rb7+ Kc4 53. Ra7 Kb3 54. Kg4 Rc4+ 55. Kh5 Ra4 56. Rb7+ Ka3 57. Rxg7 a1Q 58. Rg6 Qe5+ 0-1

[Event "Kuala Lumpur UM KPT op"]
[Site "Kuala Lumpur"]
[Date "2016.12.18"]
[Round "7"]
[White "Bakri, Alia Anin Azwa"]
[Black "Kamal, Rizal Ahmad"]
[Result "1-0"]
[WhiteElo "1944"]
[BlackElo "1886"]
[PlyCount "85"]
[EventDate "2016.12.16"]
[EventType "swiss"]
[EventRounds "9"]
[EventCountry "MAS"]
[SourceTitle "CBM 176 Extra"]
[Source "ChessBase"]
[SourceDate "2017.03.02"]
[SourceVersion "1"]
[SourceVersionDate "2017.03.02"]
[SourceQuality "1"]

1. d4 Nf6 2. c4 g6 3. Nc3 Bg7 4. e4 d6 5. Nf3 0-0 6. Be2 e5 7. 0-0 Nbd7 8. d5 Nc5 9. Qc2 a5 10. Be3 Ng4 11. Bxc5 dxc5 12. Rad1 Ra6 13. h3 Nh6 14. Qd2 f5 15. exf5 gxf5 16. Na4 Qe7 17. Qe3 Rd6 18. Qxc5 f4 19. Nh2 e4 20. Rfe1 Qg5 21. Kh1 Be5 22. Nc3 Rg6 23. Rg1 b6 24. Qa3 Bd6 25. Nxe4 Bxa3 26. Nxg5 Bxb2 27. Ngf3 Nf5 28. Bd3 Rg7 29. Rge1 Bc3 30. Re2 Nd6 31. Rc2 Bf6 32. c5 bxc5 33. Rxc5 a4 34. Rdc1 Rff7 35. Rb1 Re7 36. Ra5 Bd7 37. Ng4 Bxg4 38. hxg4 Rxg4 39. Rxa4 Reg7 40. Bf1 Nf5 41. Ra8+ Kf7 42. Ra7 Kg6 43. Bd3 1-0

[Event "Kuala Lumpur UM KPT op"]
[Site "Kuala Lumpur"]
[Date "2016.12.18"]
[Round "8"]
[White "Law, Tze Hong"]
[Black "Bakri, Alia Anin Azwa"]
[Result "1/2-1/2"]
[WhiteElo "1699"]
[BlackElo "1944"]
[PlyCount "81"]
[EventDate "2016.12.16"]
[EventType "swiss"]
[EventRounds "9"]
[EventCountry "MAS"]
[SourceTitle "CBM 176 Extra"]
[Source "ChessBase"]
[SourceDate "2017.03.02"]
[SourceVersion "1"]
[SourceVersionDate "2017.03.02"]
[SourceQuality "1"]

1. c4 c6 2. g3 d5 3. Bg2 Nf6 4. Nf3 g6 5. 0-0 Bg7 6. d3 0-0 7. Nc3 Nbd7 8. Bg5 Qb6 9. cxd5 cxd5 10. Qd2 Re8 11. Be3 Qd8 12. Rac1 a6 13. Na4 e5 14. Bg5 b5 15. Nc5 Nxc5 16. Rxc5 Bb7 17. Rfc1 Rc8 18. Rxc8 Bxc8 19. Qc3 h6 20. Bd2 e4 21. Nd4 Ng4 22. e3 Qf6 23. Be1 Bb7 24. dxe4 dxe4 25. Qb3 Qg5 26. Rc7 Bd5 27. Qb4 Be5 28. Rd7 Rd8 29. Rxd8+ Qxd8 30. Qc5 Bb7 31. h3 Bxd4 32. exd4 Nf6 33. Bd2 Kg7 34. Qe5 g5 35. Bb4 Qd5 36. Qb8 Qc6 37. Bf1 Kg6 38. Bc5 Qc8 39. Qe5 Qf5 40. Qb8 Qe5 41. dxe5 1/2-1/2

[Event "Kuala Lumpur UM KPT op"]
[Site "Kuala Lumpur"]
[Date "2016.12.17"]
[Round "5"]
[White "Bakri, Alia Anin Azwa"]
[Black "Azman Hisham, Mohd Nabil"]
[Result "1/2-1/2"]
[WhiteElo "1944"]
[BlackElo "1968"]
[PlyCount "134"]
[EventDate "2016.12.16"]
[EventType "swiss"]
[EventRounds "9"]
[EventCountry "MAS"]
[SourceTitle "CBM 176 Extra"]
[Source "ChessBase"]
[SourceDate "2017.03.02"]
[SourceVersion "1"]
[SourceVersionDate "2017.03.02"]
[SourceQuality "1"]

1. d4 d5 2. c4 e6 3. Nc3 Nf6 4. Bg5 Nbd7 5. cxd5 exd5 6. Nf3 Be7 7. e3 0-0 8. Bd3 Re8 9. 0-0 c6 10. Qc2 Ne4 11. Bxe4 dxe4 12. Nxe4 Bxg5 13. Nexg5 Nf8 14. Qc4 Qe7 15. Ne5 Be6 16. Nxe6 Qxe6 17. Qb4 Qe7 18. Qxe7 Rxe7 19. Rac1 Nd7 20. Nc4 Re6 21. Rfd1 Nf6 22. Na5 Rb8 23. Rd3 Nd5 24. a3 b6 25. Nb3 Rbe8 26. g3 g5 27. h3 h5 28. Nd2 g4 29. hxg4 hxg4 30. Kg2 f5 31. Nb1 Rd8 32. Nc3 Nf6 33. Rdd1 Kg7 34. Rh1 Rde8 35. Ne2 Nd5 36. Rh5 Nxe3+ 37. fxe3 Rxe3 38. Nf4 Rb3 39. Rc2 Ree3 40. Rg5+ Kh7 41. Kf1 Rf3+ 42. Ke1 Rbe3+ 43. Re2 Rxe2+ 44. Kxe2 Rxg3 45. Rxf5 Rg1 46. Rf7+ Kh6 47. Kf2 Rd1 48. Kg3 Rxd4 49. Rxa7 Rd2 50. b4 Kg5 51. Rg7+ Kf5 52. Rc7 Ra2 53. Ra7 Rb2 54. Ng2 Rb3+ 55. Kh2 Ke4 56. Rg7 g3+ 57. Kh3 Rxa3 58. Rb7 b5 59. Rc7 Rc3 60. Rf7 Kd3 61. Rf6 Kc2 62. Rf4 Kb3 63. Ne1 Rc4 64. Rf3+ Kxb4 65. Kxg3 Rc3 66. Nd3+ Kb3 67. Kf2 Kc2 1/2-1/2

[Event "Kuala Lumpur UM KPT op"]
[Site "Kuala Lumpur"]
[Date "2016.12.17"]
[Round "6"]
[White "Chor, Mohd Ali"]
[Black "Bakri, Alia Anin Azwa"]
[Result "1-0"]
[WhiteElo "1949"]
[BlackElo "1944"]
[PlyCount "141"]
[EventDate "2016.12.16"]
[EventType "swiss"]
[EventRounds "9"]
[EventCountry "MAS"]
[SourceTitle "CBM 176 Extra"]
[Source "ChessBase"]
[SourceDate "2017.03.02"]
[SourceVersion "1"]
[SourceVersionDate "2017.03.02"]
[SourceQuality "1"]

1. e4 e6 2. d4 d5 3. Nc3 Nf6 4. e5 Nfd7 5. Nf3 c5 6. dxc5 Bxc5 7. Bd3 Nc6 8. Bf4 Qb6 9. 0-0 Qxb2 10. Nb5 Rb8 11. Qe2 Qb4 12. Bd2 Qa4 13. Rfe1 Nb4 14. Nc7+ Kd8 15. Bb5 Qa3 16. c3 Kxc7 17. cxb4 Bxb4 18. Rec1+ Kd8 19. Ng5 Ke7 20. Bxd7 Bxd7 21. Qf3 f6 22. exf6+ gxf6 23. Re1 Qa5 24. Bxb4+ Qxb4 25. Qxd5 Qb6 26. Rad1 Qc6 27. Qd4 a5 28. Ne4 Rbf8 29. Qd3 Qb5 30. Qg3 e5 31. Rd6 Be6 32. Qg7+ Rf7 33. Rxe6+ Kxe6 34. Qxf7+ Kxf7 35. Nd6+ Kg6 36. Nxb5 Rd8 37. Rb1 Rd7 38. a3 Rd8 39. Kf1 b6 40. f3 Kg5 41. Nc3 f5 42. Rxb6 Rd2 43. Ne2 Ra2 44. Rb3 h5 45. h3 a4 46. Rd3 Ra1+ 47. Kf2 Ra2 48. Ke3 f4+ 49. Kf2 Kf5 50. Rc3 Ke6 51. Ke1 Kf5 52. Kd1 Ke6 53. Rc6+ Kf5 54. Rc3 Ke6 55. Rd3 Kf5 56. Rd2 Rxa3 57. Kc2 Ra2+ 58. Kc3 Ra1 59. Kb2 Rf1 60. Nc3 Re1 61. Ne4 Re3 62. Rd6 Rxe4 63. fxe4+ Kxe4 64. Kc2 Ke3 65. Kd1 Kf2 66. Rd2+ Kg3 67. Ke1 e4 68. Kf1 e3 69. Re2 a3 70. Ra2 Kh2 71. Rxa3 1-0

[Event "Olympiad Women-42"]
[Site "Baku"]
[Date "2016.09.08"]
[Round "6.2"]
[White "Wafa, Shrook"]
[Black "Bakri, Alia Anin Azwa"]
[Result "1/2-1/2"]
[WhiteElo "2106"]
[BlackElo "1923"]
[PlyCount "98"]
[EventDate "2016.09.02"]
[EventType "team-swiss"]
[EventRounds "11"]
[EventCountry "AZE"]
[SourceTitle "CBM 174 Extra"]
[Source "ChessBase"]
[SourceDate "2016.10.10"]
[SourceVersion "1"]
[SourceVersionDate "2016.10.10"]
[SourceQuality "1"]
[WhiteTeam "Egypt (W)"]
[BlackTeam "Malaysia (W)"]
[WhiteTeamCountry "EGY"]
[BlackTeamCountry "MAS"]

1. Nf3 Nf6 2. g3 e6 3. Bg2 Be7 4. 0-0 0-0 5. c4 d5 6. Qc2 c6 7. b3 b6 8. Bb2 Bb7 9. d4 Nbd7 10. Ne5 Rc8 11. Nd2 c5 12. Rac1 cxd4 13. Bxd4 Nxe5 14. Bxe5 Nd7 15. Bb2 Bf6 16. Rfd1 Qe7 17. Bxf6 Nxf6 18. Qb2 h6 19. cxd5 Bxd5 20. Bxd5 Nxd5 21. Nf3 Qb7 22. Ne5 b5 23. a3 b4 24. axb4 Qxb4 25. Rd3 Rxc1+ 26. Qxc1 Qe4 27. Qb2 Rc8 28. Nc4 Rb8 29. Rd4 Qg6 30. Ne5 Qg5 31. f4 Qh5 32. e4 Nf6 33. Qc2 Rf8 34. Ra4 Ra8 35. Rc4 Rd8 36. Rc8 Rxc8 37. Qxc8+ Kh7 38. Qc2 Kg8 39. Kg2 Ng4 40. Nxg4 Qxg4 41. e5 g5 42. h3 Qh5 43. g4 Qh4 44. Qc8+ Kg7 45. Qd8 Qe1 46. Qf6+ Kg8 47. fxg5 Qd2+ 48. Qf2 Qd5+ 49. Kg1 hxg5 1/2-1/2

[Event "Olympiad Women-42"]
[Site "Baku"]
[Date "2016.09.05"]
[Round "4.25"]
[White "Unuk, Laura"]
[Black "Bakri, Alia Anin Azwa"]
[Result "1-0"]
[WhiteElo "2332"]
[BlackElo "1923"]
[PlyCount "97"]
[EventDate "2016.09.02"]
[EventType "team-swiss"]
[EventRounds "11"]
[EventCountry "AZE"]
[SourceTitle "CBM 174 Extra"]
[Source "ChessBase"]
[SourceDate "2016.10.10"]
[SourceVersion "1"]
[SourceVersionDate "2016.10.10"]
[SourceQuality "1"]
[WhiteTeam "Slovenia (W)"]
[BlackTeam "Malaysia (W)"]
[WhiteTeamCountry "SLO"]
[BlackTeamCountry "MAS"]

1. d4 d5 2. c4 e6 3. Nf3 Nf6 4. g3 Bb4+ 5. Bd2 Be7 6. Bg2 0-0 7. 0-0 c6 8. Qc2 b6 9. Bf4 Ba6 10. Ne5 Nfd7 11. cxd5 cxd5 12. Rd1 Qc8 13. Qxc8 Rxc8 14. e4 Nxe5 15. Bxe5 Bb7 16. exd5 Bxd5 17. Bxd5 exd5 18. Nc3 Rd8 19. Rac1 Na6 20. Nb5 f6 21. Bf4 Rd7 22. h4 Kf7 23. Kg2 Re8 24. a3 Bf8 25. Kf3 Be7 26. Re1 Red8 27. Re2 Rf8 28. Rce1 Rfd8 29. Re3 Bf8 30. Rc3 Be7 31. Rec1 Kf8 32. Rc8 Ke8 33. Kg4 g6 34. Kf3 Bf8 35. Re1+ Be7 36. Nd6+ Kf8 37. Bh6+ Kg8 38. Rxd8+ Rxd8 39. Rxe7 Rxd6 40. Rg7+ Kh8 41. Rxa7 Nb8 42. Ra8 Rd8 43. Bf4 Nc6 44. Rxd8+ Nxd8 45. Bc7 Nc6 46. Bxb6 Kg7 47. b4 Kf7 48. b5 Ne7 49. Bc5 1-0

[Event "Olympiad Women-42"]
[Site "Baku"]
[Date "2016.09.04"]
[Round "3.42"]
[White "Bakri, Alia Anin Azwa"]
[Black "Mbo, Mabedi"]
[Result "1-0"]
[WhiteElo "1923"]
[BlackElo "1531"]
[PlyCount "61"]
[EventDate "2016.09.02"]
[EventType "team-swiss"]
[EventRounds "11"]
[EventCountry "AZE"]
[SourceTitle "CBM 174 Extra"]
[Source "ChessBase"]
[SourceDate "2016.10.10"]
[SourceVersion "1"]
[SourceVersionDate "2016.10.10"]
[SourceQuality "1"]
[WhiteTeam "Malaysia (W)"]
[BlackTeam "Botswana (W)"]
[WhiteTeamCountry "MAS"]
[BlackTeamCountry "BOT"]

1. d4 d5 2. c4 c6 3. Nc3 Nf6 4. Nf3 Nbd7 5. e3 e6 6. Bd3 Bd6 7. 0-0 0-0 8. Qc2 Re8 9. e4 dxe4 10. Nxe4 Nxe4 11. Bxe4 Nf6 12. Bd3 g6 13. Bg5 Be7 14. Rad1 Nh5 15. Be3 Bf6 16. Qb3 Qc7 17. Rfe1 Bg7 18. Bf1 b6 19. d5 cxd5 20. cxd5 exd5 21. Bf4 Nxf4 22. Rxe8+ Bf8 23. Nd4 Qd7 24. Rde1 h6 25. g3 Nh5 26. Qb4 Kg7 27. Qxf8+ Kf6 28. R8e7 Bb7 29. Qxf7+ Kg5 30. R1e5+ Qf5 31. Rxf5+ 1-0

[Event "Kuala Lumpur Varsity-ch 20th"]
[Site "Kuala Lumpur"]
[Date "2016.01.25"]
[Round "7"]
[White "Bakri, Alia Anin Azwa"]
[Black "Wan Abd Rahim, Wan Mohd Azmie"]
[Result "1-0"]
[WhiteElo "1892"]
[BlackElo "1633"]
[PlyCount "135"]
[EventDate "2016.01.21"]
[EventType "swiss"]
[EventRounds "9"]
[EventCountry "MAS"]
[SourceTitle "CBM 170 Extra"]
[Source "ChessBase"]
[SourceDate "2016.02.25"]
[SourceVersion "1"]
[SourceVersionDate "2016.02.25"]
[SourceQuality "1"]

1. d4 Nf6 2. c4 e6 3. Nf3 b6 4. e3 Bb7 5. Bd3 h6 6. Nc3 Bb4 7. Bd2 Bxc3 8. Bxc3 Ne4 9. 0-0 Nxc3 10. bxc3 d6 11. c5 0-0 12. cxd6 cxd6 13. Qe2 Nc6 14. Be4 d5 15. Bc2 Qc8 16. Qd3 f5 17. Rfc1 Na5 18. Ne5 Ba6 19. Qd1 Qe8 20. Ba4 b5 21. Bb3 f4 22. exf4 Rxf4 23. Bc2 Rf6 24. Qd3 Rf5 25. g4 Rxe5 26. dxe5 Qf7 27. Re1 Nc4 28. h3 g5 29. Qg6+ Qxg6 30. Bxg6 Kg7 31. Bd3 Nd2 32. Re3 Rc8 33. Rd1 Nc4 34. Bxc4 Rxc4 35. Rd4 Rc7 36. Rb4 Bb7 37. f3 a6 38. Kf2 Bc6 39. Kg3 Kg6 40. Rd4 Be8 41. f4 Rb7 42. fxg5 hxg5 43. Rf3 Bf7 44. h4 Rc7 45. Rdd3 Kg7 46. Rf6 Bg6 47. Re3 gxh4+ 48. Kxh4 Bf7 49. Kg5 a5 50. a3 Rd7 51. Ref3 Rc7 52. Kh4 Bg8 53. Kg5 Bf7 54. Rh3 Rc4 55. Rhf3 Rc7 56. Kh4 Bg8 57. g5 Rc4+ 58. Kh5 Rc8 59. Rg6+ Kh7 60. Rh6+ Kg7 61. Rhf6 Re8 62. g6 Re7 63. Kg5 Rd7 64. Rf8 d4 65. cxd4 Rxd4 66. Rb8 b4 67. Rb7+ Kh8 68. Rh3+ 1-0

[Event "Kuala Lumpur Varsity-ch 20th"]
[Site "Kuala Lumpur"]
[Date "2016.01.22"]
[Round "4"]
[White "Toh, Yew Leong"]
[Black "Bakri, Alia Anin Azwa"]
[Result "1-0"]
[WhiteElo "1949"]
[BlackElo "1892"]
[PlyCount "115"]
[EventDate "2016.01.21"]
[EventType "swiss"]
[EventRounds "9"]
[EventCountry "MAS"]
[SourceTitle "CBM 170 Extra"]
[Source "ChessBase"]
[SourceDate "2016.02.25"]
[SourceVersion "1"]
[SourceVersionDate "2016.02.25"]
[SourceQuality "1"]

1. d4 d5 2. c4 c6 3. Nf3 Nf6 4. Qb3 e6 5. Nc3 Bd6 6. g3 Nbd7 7. Bf4 Be7 8. Bg2 Nh5 9. Bd2 0-0 10. 0-0 Qb6 11. Na4 Qc7 12. Rac1 dxc4 13. Qc2 Nhf6 14. Bf4 Bd6 15. Bxd6 Qxd6 16. e4 e5 17. dxe5 Nxe5 18. Nxe5 Qxe5 19. Qxc4 Be6 20. Qc3 Qb5 21. b3 Rad8 22. Nb2 Rfe8 23. Rfd1 h6 24. h3 Qe2 25. Bf3 Qa6 26. Kg2 Rxd1 27. Rxd1 Qxa2 28. Nc4 Bxc4 29. Qxc4 Qa5 30. Qd4 Qb6 31. Qd3 Qb4 32. Rc1 Qa3 33. Rc4 Qa5 34. Ra4 Qb6 35. Rd4 c5 36. Rd6 Qc7 37. g4 Nh7 38. Rd7 Qb8 39. Qd5 Ng5 40. h4 Ne6 41. Qxb7 Nf4+ 42. Kg1 Qe5 43. Rxf7 Nh3+ 44. Kf1 Nf4 45. Bd1 Rd8 46. Rd7 Rxd7 47. Qxd7 Qxe4 48. f3 Qd3+ 49. Qxd3 Nxd3 50. Ke2 Ne5 51. Ke3 Kf7 52. Bc2 Ke6 53. Ke4 a5 54. Bd1 Nf7 55. Bc2 Nd6+ 56. Kf4 Nb5 57. Bd3 Nd6 58. g5 1-0

[Event "MAS-ch (Women)"]
[Site "Kuala Lumpur"]
[Date "2015.05.30"]
[Round "1"]
[White "Nithyalakshmi, Sivanesan"]
[Black "Bakri, Alia Anin Azwa"]
[Result "1/2-1/2"]
[WhiteElo "1786"]
[BlackElo "1942"]
[PlyCount "83"]
[EventDate "2015.05.30"]
[EventType "tourn"]
[EventRounds "9"]
[EventCountry "MAS"]
[SourceTitle "CBM 166 Extra"]
[Source "ChessBase"]
[SourceDate "2015.06.18"]
[SourceVersion "1"]
[SourceVersionDate "2015.06.18"]
[SourceQuality "1"]

1. d4 d5 2. c4 e6 3. Nc3 Nf6 4. cxd5 exd5 5. Bg5 Be7 6. e3 c6 7. Bd3 Bg4 8. Qc2 Nbd7 9. Nge2 Bxe2 10. Bxe2 0-0 11. 0-0 Ne4 12. Bxe7 Qxe7 13. Nxe4 dxe4 14. b4 a5 15. b5 c5 16. dxc5 Nxc5 17. Rfd1 b6 18. Rd4 Rad8 19. Rad1 Rxd4 20. exd4 Nd7 21. Qc7 Qd8 22. Qb7 Nf6 23. d5 Qd6 24. Qc6 Rd8 25. Bc4 h6 26. Kf1 Ng4 27. Qxd6 Rxd6 28. h3 Ne5 29. Bb3 Kf8 30. Ke2 Nd3 31. Ke3 Nc5 32. Bc2 f5 33. Kf4 Ke7 34. Ke5 g6 35. h4 Nd7+ 36. Kd4 Kf6 37. Bb3 Nc5 38. f3 Ne6+ 39. Ke3 Nc5 40. Kd4 Ne6+ 41. Ke3 Nc5 42. Kd4 1/2-1/2

[Event "Melaka-chA"]
[Site "Melaka"]
[Date "2012.04.28"]
[Round "7"]
[White "Bakri, Alia Anin Azwa"]
[Black "Lim, Kian Hwa"]
[Result "1-0"]
[WhiteElo "1975"]
[BlackElo "1891"]
[PlyCount "63"]
[EventDate "2012.04.23"]
[EventType "swiss"]
[EventRounds "9"]
[EventCountry "MAS"]
[SourceTitle "CBM 148 Extra"]
[Source "ChessBase"]
[SourceDate "2012.06.22"]
[SourceVersion "1"]
[SourceVersionDate "2012.06.22"]
[SourceQuality "1"]

1. d4 d5 2. c4 c6 3. Nc3 Nf6 4. Nf3 dxc4 5. e3 b5 6. a4 Nd5 7. Bd2 Nxc3 8. Bxc3 Qd5 9. Be2 Bg4 10. 0-0 Nd7 11. axb5 cxb5 12. Ra5 a6 13. Qd2 Nf6 14. Rfa1 Qb7 15. b3 Ne4 16. Qe1 e6 17. bxc4 bxc4 18. Bxc4 Bxf3 19. gxf3 Ng5 20. Rxg5 Be7 21. Rg2 Qc6 22. Bb3 Qxf3 23. Ba4+ Kf8 24. d5 Bf6 25. dxe6 fxe6 26. Bxf6 Qxf6 27. Bc6 Ra7 28. Rb1 g6 29. Rg4 Kg7 30. Rf4 Qg5+ 31. Bg2 h5 32. Qc3+ 1-0

[Event "Melaka-chA"]
[Site "Melaka"]
[Date "2012.04.24"]
[Round "3"]
[White "Bakri, Alia Anin Azwa"]
[Black "Camilia, Bt Johari"]
[Result "1/2-1/2"]
[WhiteElo "1975"]
[BlackElo "1780"]
[PlyCount "29"]
[EventDate "2012.04.23"]
[EventType "swiss"]
[EventRounds "9"]
[EventCountry "MAS"]
[SourceTitle "CBM 148 Extra"]
[Source "ChessBase"]
[SourceDate "2012.06.22"]
[SourceVersion "1"]
[SourceVersionDate "2012.06.22"]
[SourceQuality "1"]

1. d4 d5 2. c4 c6 3. Nc3 Nf6 4. Nf3 e6 5. Bg5 Nbd7 6. e3 Be7 7. cxd5 exd5 8. Bd3 0-0 9. 0-0 Re8 10. Qc2 Nf8 11. Rab1 Ng6 12. b4 Bd6 13. Rfc1 h6 14. Bxf6 Qxf6 15. e4 1/2-1/2

[Event "Asia rap (Women) 16th"]
[Site "Guangzhou"]
[Date "2010.11.16"]
[Round "9"]
[White "Ibraheem, Delbak Ismael"]
[Black "Bakri, Alia Anin Azwa"]
[Result "1-0"]
[WhiteElo "1929"]
[BlackElo "1953"]
[PlyCount "104"]
[EventDate "2010.11.13"]
[EventType "swiss"]
[EventRounds "9"]
[EventCountry "CHN"]
[SourceTitle "EXT 2011"]
[Source "ChessBase"]
[SourceDate "2010.11.26"]
[SourceVersion "1"]
[SourceVersionDate "2010.11.26"]
[SourceQuality "1"]

1. e4 e6 2. d3 d5 3. Nd2 Nf6 4. Ngf3 Be7 5. g3 c5 6. Bg2 Nc6 7. 0-0 0-0 8. Re1 Qc7 9. e5 Nd7 10. Qe2 b6 11. c3 Ba6 12. Nf1 Rac8 13. Bf4 Qd8 14. h4 d4 15. c4 b5 16. b3 bxc4 17. bxc4 Qa5 18. h5 Rfe8 19. N1h2 Qa4 20. Ng4 Nb4 21. Ng5 Qc2 22. Be4 Bxg5 23. Bxg5 Qxe2 24. Rxe2 Nc6 25. Bf4 Ne7 26. Rb2 Rb8 27. Rab1 Rxb2 28. Rxb2 h6 29. Bd2 Rb8 30. Rxb8+ Nxb8 31. f4 Nd7 32. Nf2 Nb6 33. g4 Bc8 34. Bf3 Bd7 35. Ne4 Bc6 36. Kf2 Nd7 37. Bc1 Ba4 38. Ba3 Nc6 39. Nxc5 Nxc5 40. Bxc5 a6 41. a3 g6 42. hxg6 fxg6 43. Bxd4 Kf7 44. Bc5 Bd1 45. Bb4 h5 46. g5 Bc2 47. Ke3 Bb3 48. d4 Ke8 49. Kd3 Kd7 50. Be1 Bd1 51. Kc3 Bxf3 52. d5 Be2 1-0

[Event "Asia rap (Women) 16th"]
[Site "Guangzhou"]
[Date "2010.11.14"]
[Round "4"]
[White "Enkhtuul, Altanulzii"]
[Black "Bakri, Alia Anin Azwa"]
[Result "1-0"]
[WhiteElo "2121"]
[BlackElo "1953"]
[PlyCount "55"]
[EventDate "2010.11.13"]
[EventType "swiss"]
[EventRounds "9"]
[EventCountry "CHN"]
[SourceTitle "EXT 2011"]
[Source "ChessBase"]
[SourceDate "2010.11.26"]
[SourceVersion "1"]
[SourceVersionDate "2010.11.26"]
[SourceQuality "1"]

1. Nf3 d5 2. c4 e6 3. g3 Nf6 4. Bg2 Bd6 5. 0-0 0-0 6. b3 c5 7. e3 Nc6 8. Bb2 b6 9. cxd5 exd5 10. d4 Bb7 11. Nc3 Qd7 12. Rc1 Rad8 13. Nb5 Ba6 14. a4 Bxb5 15. axb5 Ne7 16. dxc5 Bxc5 17. Bxf6 gxf6 18. Nd4 Kg7 19. Nc6 Nxc6 20. bxc6 Qd6 21. Qg4+ Kh8 22. Rfd1 Qe6 23. Qa4 a5 24. Bf3 Rd6 25. Qf4 f5 26. Rd3 Qf6 27. Bxd5 Rfd8 28. Rcd1 1-0

[Event "Asia rap (Women) 16th"]
[Site "Guangzhou"]
[Date "2010.11.13"]
[Round "2"]
[White "Al Khelaifi, Salama"]
[Black "Bakri, Alia Anin Azwa"]
[Result "0-1"]
[WhiteElo "1761"]
[BlackElo "1953"]
[PlyCount "108"]
[EventDate "2010.11.13"]
[EventType "swiss"]
[EventRounds "9"]
[EventCountry "CHN"]
[SourceTitle "EXT 2011"]
[Source "ChessBase"]
[SourceDate "2010.11.26"]
[SourceVersion "1"]
[SourceVersionDate "2010.11.26"]
[SourceQuality "1"]

1. d4 d5 2. Nc3 Nf6 3. Bg5 e6 4. e4 Be7 5. Bxf6 Bxf6 6. Nf3 0-0 7. Bd3 dxe4 8. Nxe4 Bxd4 9. Neg5 g6 10. Nxh7 Bxf2+ 11. Kxf2 Kxh7 12. h4 Kg7 13. h5 Nc6 14. Qd2 Rh8 15. h6+ Kg8 16. h7+ Rxh7 17. Rxh7 Kxh7 18. Rh1+ Kg8 19. Qh6 Qf6 20. b3 b6 21. Qh7+ Kf8 22. Qh8+ Qxh8 23. Rxh8+ Kg7 24. Rh4 Bb7 25. Rc4 Rc8 26. a3 Na5 27. Rd4 c5 28. Rd7 Bxf3 29. gxf3 Nc6 30. Be4 Nd4 31. Rxa7 Rb8 32. Bd3 Nc6 33. Rc7 Nd4 34. Bc4 Kf6 35. a4 Nxc2 36. Rc6 Nb4 37. Rc7 Nd5 38. Rd7 Nb4 39. Rc7 Rd8 40. Rb7 Rd6 41. Ke2 Nd5 42. Kf2 Ne7 43. f4 Nf5 44. Kf3 Nh6 45. Ra7 g5 46. fxg5+ Kxg5 47. Ra6 Nf5 48. a5 bxa5 49. Rxa5 Rc6 50. Ra7 Nd6 51. Bd3 f5 52. Re7 Kf6 53. Rh7 Nf7 54. Bc4 Ng5+ 0-1

[Event "Asia rap (Women) 16th"]
[Site "Guangzhou"]
[Date "2010.11.13"]
[Round "1"]
[White "Bakri, Alia Anin Azwa"]
[Black "Zhu, Chen"]
[Result "0-1"]
[WhiteElo "1953"]
[BlackElo "2477"]
[PlyCount "152"]
[EventDate "2010.11.13"]
[EventType "swiss"]
[EventRounds "9"]
[EventCountry "CHN"]
[SourceTitle "EXT 2011"]
[Source "ChessBase"]
[SourceDate "2010.11.26"]
[SourceVersion "1"]
[SourceVersionDate "2010.11.26"]
[SourceQuality "1"]

1. d4 c5 2. e3 b6 3. Nf3 Bb7 4. Bd3 Nf6 5. 0-0 g6 6. dxc5 bxc5 7. b3 Bg7 8. Bb2 0-0 9. Nbd2 Nc6 10. a3 a5 11. Ne5 Qc7 12. Nxc6 Bxc6 13. Be2 a4 14. Bf3 axb3 15. Nxb3 Bxf3 16. Qxf3 Ra4 17. h3 Ng4 18. hxg4 Bxb2 19. Ra2 Be5 20. g3 e6 21. Nd2 Rfa8 22. Rb1 R8a7 23. Kg2 Kg7 24. e4 Qa5 25. Qe2 Bc3 26. Nb3 Qc7 27. Qf3 Bf6 28. Nd2 Qe5 29. Rb3 c4 30. Rb1 c3 31. Nb3 Qxe4 32. Qxe4 Rxe4 33. Kf3 Rea4 34. Nc5 R4a5 35. Ne4 Be5 36. Rb3 Rc7 37. Ra1 d5 38. Ng5 h6 39. Nh3 g5 40. Ng1 Bf6 41. Ke3 Rca7 42. Ne2 Ra4 43. Kf3 d4 44. Ke4 e5 45. f3 R4a5 46. Nc1 Be7 47. Nd3 f6 48. Rb6 Rxa3 49. Rxa3 Rxa3 50. Rb7 Kf7 51. Nb4 Ke6 52. Rb6+ Kd7 53. Rb7+ Kd6 54. Rb6+ Kc5 55. Rb7 Bd8 56. Nd3+ Kc6 57. Rh7 Kd6 58. Rh8 Be7 59. Rxh6 Ra2 60. Rh2 Ra1 61. Rg2 Rd1 62. f4 Ke6 63. fxe5 fxe5 64. Re2 Bd6 65. Kf3 Kd5 66. Nf2 Ra1 67. Ne4 Be7 68. Nf2 Ra8 69. Re1 Ra2 70. Re2 Ra8 71. Re1 Rf8+ 72. Kg2 Re8 73. Ra1 e4 74. Ra5+ Bc5 75. Ra6 Kc4 76. Rg6 d3 0-1

[Event "Olympiad Women-39"]
[Site "Khanty-Mansiysk"]
[Date "2010.10.03"]
[Round "11.40"]
[White "Bakri, Alia Anin Azwa"]
[Black "Elansary, Eman"]
[Result "0-1"]
[WhiteElo "1904"]
[BlackElo "1836"]
[PlyCount "106"]
[EventDate "2010.09.21"]
[EventType "team-swiss"]
[EventRounds "11"]
[EventCountry "RUS"]
[SourceTitle "CBM 139"]
[Source "ChessBase"]
[SourceDate "2010.11.18"]
[SourceVersion "1"]
[SourceVersionDate "2010.11.18"]
[SourceQuality "1"]
[WhiteTeam "Malaysia (W)"]
[BlackTeam "Egypt (W)"]
[WhiteTeamCountry "MAS"]
[BlackTeamCountry "EGY"]

1. d4 d5 2. c4 c6 3. Nc3 Nf6 4. Nf3 e6 5. e3 Nbd7 6. cxd5 exd5 7. Bd3 Bd6 8. 0-0 0-0 9. Re1 Re8 10. Qc2 h6 11. Bd2 Bc7 12. Rac1 Nf8 13. h3 Be6 14. b4 a6 15. a4 Qc8 16. Bf1 Bf5 17. Qb3 Ng6 18. b5 axb5 19. axb5 Rb8 20. Ra1 Qd7 21. Rec1 Ne4 22. Be1 Ng5 23. Nxg5 hxg5 24. Ne2 g4 25. hxg4 Bxg4 26. Ng3 Bxg3 27. fxg3 Ne7 28. Bd3 g6 29. bxc6 bxc6 30. Qc3 Kg7 31. Rcb1 Rxb1 32. Rxb1 Bf5 33. Bf2 Rh8 34. Qc2 Bh3 35. Be1 Bf5 36. Bf2 Bxd3 37. Qxd3 Nf5 38. e4 Nd6 39. exd5 cxd5 40. Qf3 Ne4 41. Be3 Rc8 42. Rc1 Ra8 43. Qf4 g5 44. Qe5+ Kg6 45. Rc7 Ra1+ 46. Bc1 Qe6 47. Kh2 Qg4 48. Rc6+ Kh7 49. Qxd5 Qxg3+ 50. Kg1 Qf4 51. Qc4 Qf2+ 52. Kh2 g4 53. Rh6+ Kg7 0-1